[Event "Under 2000"]
[Site "SchemingMind.com"]
[Date "2009.01.07"]
[Round "-"]
[White "Archon"]
[Black "jtrochez1"]
[Result "1-0"]
[WhiteCountry "CAN"]
[BlackCountry "HON"]
[WhiteElo "1694"]
[WhiteRD "57"]
[BlackElo "1546"]
[BlackRD "48"]
[GameID "186685"]

1. d4 d5 2. e4 dxe4 3. Nc3 Bf5 4. f3 exf3 5. Nxf3 Nf6 6. Ne5 e6 7. g4 Nxg4 8. Nxg4 Qh4+ 9. Nf2 Bb4 10. Bg2 c6
11. O-O Bd6 12. h3 Nd7 13. Qf3 Bxc2 14. Ng4 Bf5 15. Bd2 O-O-O 16. d5 Bxg4 17. Qxg4 Qxg4 18. hxg4 exd5 19. Rxf7 g6 20. Bh6 Ne5
21. Rff1 Nxg4 22. Bh3 Bc5+ 23. Kh1 Kb8 24. Bxg4 Bf8 25. Bg5 Re8 26. Rf7 h6 27. Bf6 Rg8 28. Rf1 h5 29. Bd7 Re3 30. Bg5 Bd6
31. Bxe3 g5 32. R1f6 Bf4 33. Bxf4+ gxf4 34. Rf8+ Rxf8 35. Rxf8+ Kc7 36. Bh3 d4 37. Ne4 b5 38. Rxf4
1-0

[Event "Under 2000"]
[Site "SchemingMind.com"]
[Date "2009.01.08"]
[Round "-"]
[White "Archon"]
[Black "jdcald13"]
[Result "0-1"]
[WhiteCountry "CAN"]
[BlackCountry "USA"]
[WhiteElo "1698"]
[WhiteRD "55"]
[BlackElo "1863"]
[BlackRD "64"]
[GameID "186686"]

1. d4 Nf6 2. Nc3 g6 3. e4 d6 4. f3 Bg7 5. Be3 O-O 6. Qd2 e5 7. dxe5 dxe5 8. O-O-O Qxd2+ 9. Rxd2 c6 10. Bc4 Nbd7
11. Nge2 b5 12. Bb3 a5 13. a4 b4 14. Nd1 Ba6 15. c3 c5 16. cxb4 cxb4 17. Kb1 Rfc8 18. Nc1 Nc5 19. Rc2 Nxb3 20. Rxc8+ Rxc8
21. Nxb3 Bd3+ 22. Ka2 Bc2 23. Nf2 Ne8 24. Bb6 Bf8 25. Ng4 Rc6 26. Be3 f6 27. Nh6+ Kg7 28. Ng4 Kf7 29. Nh6+ Bxh6 30. Bxh6 g5
31. h4 Kg6 32. hxg5 fxg5 33. Bf8 h5 34. Be7 Nd6 35. Bxd6 Rxd6 36. Rc1 Bxb3+ 37. Kxb3 Rd3+ 38. Kc2 Rd6 39. b3 Rc6+ 40. Kd2 Rxc1
41. Kxc1 g4 42. fxg4 h4 43. Kd2 Kg5 44. Ke2 Kxg4
0-1

[Event "Under 2000"]
[Site "SchemingMind.com"]
[Date "2009.01.06"]
[Round "-"]
[White "Archon"]
[Black "schakert"]
[Result "1-0"]
[WhiteCountry "CAN"]
[BlackCountry "NED"]
[WhiteElo "1694"]
[WhiteRD "57"]
[BlackElo "1705"]
[BlackRD "60"]
[GameID "186687"]

1. d4 d6 2. e4 Nf6 3. Nc3 e5 4. f3 Nbd7 5. Be3 c6 6. Bd3 Qc7 7. Nge2 h6 8. Qd2 Be7 9. O-O-O g5 10. Ng3 Nf8
11. Nf5 Ng6 12. Ng7+ Kf8 13. Nf5 Nf4 14. h4 Bxf5 15. Bxf4 gxf4 16. exf5 Rg8 17. dxe5 dxe5 18. Ne4 Nh5 19. Rhe1 Rd8 20. Qc3 Ng3
21. f6 Bd6 22. Kb1 Nxe4 23. Bxe4 Rxg2 24. Rg1 Bc5 25. Qxc5+
1-0

[Event "Under 2000"]
[Site "SchemingMind.com"]
[Date "2009.01.06"]
[Round "-"]
[White "Archon"]
[Black "Milan"]
[Result "1-0"]
[WhiteCountry "CAN"]
[BlackCountry "CZE"]
[WhiteElo "1695"]
[WhiteRD "59"]
[BlackElo "1713"]
[BlackRD "66"]
[GameID "186688"]

1. d4 d5 2. e4 c6 3. Nc3 dxe4 4. f3 e6 5. fxe4 Qh4+ 6. g3 Qd8 7. Nf3 Nf6 8. Bg2 Bb4 9. Bg5 h6 10. Bxf6 Qxf6
11. O-O Bxc3 12. bxc3 Qe7 13. Rb1 O-O 14. Ne5 Nd7 15. Nxd7 Qxd7 16. e5 Qc7 17. Qh5 Qe7 18. h4 f5 19. exf6 Rxf6 20. Rxf6 Qxf6
21. Rf1 Qe7 22. Qg6 Bd7 23. Be4
1-0

[Event "Under 2000"]
[Site "SchemingMind.com"]
[Date "2009.01.06"]
[Round "-"]
[White "Archon"]
[Black "iwegiel"]
[Result "0-1"]
[WhiteCountry "CAN"]
[BlackCountry "POL"]
[WhiteElo "1694"]
[WhiteRD "57"]
[BlackElo "1942"]
[BlackRD "65"]
[GameID "186689"]

1. d4 d5 2. e4 dxe4 3. Nc3 Nf6 4. f3 exf3 5. Nxf3 Bg4 6. h3 Bh5 7. g4 Bg6 8. Ne5 e6 9. Qf3 c6 10. g5 Nd5
11. Bd3 Qe7 12. h4 Bxd3 13. Nxd3 Nd7 14. Bd2 g6 15. Rf1 Bg7 16. O-O-O Bxd4 17. Ne4 Rf8 18. Ba5 Bb6 19. Bc3 Nxc3 20. Nxc3 O-O-O
21. Na4 Bc7 22. Qf2 Kb8 23. Ndc5 Nxc5 24. Qxc5 Qxc5 25. Nxc5 Kc8 26. Ne4 Rd7 27. Nf6 Rxd1+ 28. Rxd1 Bf4+ 29. Kb1 Rd8 30. Rh1 Rh8
31. a3 h6 32. Rd1 Rd8 33. Rf1 hxg5 34. hxg5 Bxg5 35. Ne4 f6 36. Nxg5 fxg5 37. Rf6 Rd1+ 38. Ka2 Re1 39. Rxg6 Re5 40. Kb3 Kd7
41. Kc3 Kd6 42. Kd3 Kd5 43. Rg7 b5 44. Rxa7 Rf5 45. Rg7 c5 46. Rg6 c4+ 47. Ke3 Ke5 48. Ke2 Kd5 49. c3 e5 50. Ke3 e4
51. Ke2 Ke5 52. Ke3 Rf3+ 53. Ke2 Kf4 54. Rf6+ Kg3 55. Rg6 g4 56. Rg5 e3 57. Rxb5 Kf4 58. Rb4 Rf2+ 59. Ke1 Kf3 60. Rb8 g3
61. Rf8+ Kg2 62. Re8 Kf3 63. Rf8+ Ke4 64. Re8+ Kd3 65. Rd8+ Kc2
0-1

[Event "Under 2000"]
[Site "SchemingMind.com"]
[Date "2009.01.06"]
[Round "-"]
[White "Archon"]
[Black "waldron"]
[Result "0-1"]
[WhiteCountry "CAN"]
[BlackCountry "USA"]
[WhiteElo "1695"]
[WhiteRD "59"]
[BlackElo "2090"]
[BlackRD "72"]
[GameID "186690"]

1. d4 Nf6 2. Nc3 d6 3. e4 g6 4. f3 Bg7 5. Be3 c6 6. Qd2 b5 7. Bd3 Nbd7 8. Nge2 a6 9. Bh6 O-O 10. h4 Bxh6
11. Qxh6 b4 12. e5 bxc3 13. Nxc3 dxe5 14. Ne4 Qa5+ 15. Ke2 Nxe4 16. Bxe4 exd4 17. h5 Nf6 18. hxg6 fxg6 19. g4 Bxg4 20. fxg4 Qe5
21. Rae1 Qxe4+ 22. Kd1 Qxg4+ 23. Kc1 Rf7 24. Reg1 Qe4 25. Kb1 c5 26. Rh4 Qf5 27. b3 Nd5 28. Rg5 Nc3+ 29. Kb2 Na4+ 30. Ka3 Qxc2
31. Rh2 Qc3 32. Rxg6+ Kh8
0-1

[Event "Under 2000"]
[Site "SchemingMind.com"]
[Date "2009.01.07"]
[Round "-"]
[White "jtrochez1"]
[Black "Archon"]
[Result "0-1"]
[WhiteCountry "HON"]
[BlackCountry "CAN"]
[WhiteElo "1578"]
[WhiteRD "51"]
[BlackElo "1683"]
[BlackRD "59"]
[GameID "186691"]

1. e4 d6 2. d4 Nf6 3. Nc3 g6 4. Be2 Bg7 5. Nf3 O-O 6. h3 Nbd7 7. O-O c6 8. d5 cxd5 9. exd5 Nc5 10. Be3 Nfe4
11. Nxe4 Nxe4 12. c3 Bd7 13. Bd4 Nf6 14. Bd3 Nxd5 15. Bxg7 Kxg7 16. Be4 Nf6 17. Qc2 Nxe4 18. Qxe4 Bf5 19. Qd4+ Kg8 20. Nh4 Be6
21. b3 Qa5 22. Nf3 Qb6 23. Qxb6 axb6 24. c4 Ra3 25. Rfd1 Rfa8 26. Nd4 Bd7 27. Rd2 Kf8 28. Ne2 Ke8 29. Nc3 Rxb3 30. axb3 Rxa1+
31. Kh2 Ra3 32. Rb2 e6 33. f4 Ke7 34. g4 Bc6 35. Kg3 Ra1 36. Rb1 Rxb1 37. Nxb1 b5 38. Na3 bxc4 39. bxc4 d5 40. cxd5 exd5
41. Nc2 Kd6 42. Kf2 Kc5 43. Ke3 b5 44. h4 b4 45. Nd4 Ba4 46. Nf3 b3 47. Nd2 b2 48. Kd3 d4 49. g5 Kd5 50. Nb1 Bb3
51. Nd2 Ba2 52. Kc2 b1=Q+ 53. Nxb1 Bxb1+ 54. Kxb1 Ke4
0-1

[Event "Under 2000"]
[Site "SchemingMind.com"]
[Date "2009.01.08"]
[Round "-"]
[White "jdcald13"]
[Black "Archon"]
[Result "1-0"]
[WhiteCountry "USA"]
[BlackCountry "CAN"]
[WhiteElo "1849"]
[WhiteRD "66"]
[BlackElo "1694"]
[BlackRD "57"]
[GameID "186692"]

1. c4 e5 2. Nc3 d6 3. g3 f5 4. Bg2 Nf6 5. d3 Be7 6. Nf3 O-O 7. b4 Nbd7 8. O-O a6 9. Bd2 Ng4 10. h3 Ngf6
11. a4 c6 12. b5 axb5 13. axb5 Rxa1 14. Qxa1 Nb6 15. Rb1 Nbd7 16. Qa7 Nc5 17. bxc6 bxc6 18. Rb8 Ncd7 19. Ra8 Qe8 20. Nh4 Kh8
21. Nxf5 Nh5 22. Nxe7 Qxe7 23. Bxc6 Nxg3 24. fxg3 Qf7 25. Bg2
1-0

[Event "Under 2000"]
[Site "SchemingMind.com"]
[Date "2009.01.06"]
[Round "-"]
[White "schakert"]
[Black "Archon"]
[Result "0-1"]
[WhiteCountry "NED"]
[BlackCountry "CAN"]
[WhiteElo "1705"]
[WhiteRD "60"]
[BlackElo "1694"]
[BlackRD "57"]
[GameID "186693"]

1. d4 d6 2. e4 Nf6 3. Nc3 g6 4. Nf3 Bg7 5. Be3 O-O 6. Bc4 e6 7. Qe2 Nbd7 8. O-O-O Nb6 9. Bd3 Bd7 10. a3 Na4
11. Bd2 b5 12. Nxa4 bxa4 13. c4 Qb8 14. Bc3 Qb7 15. e5 Nh5 16. Be4 d5 17. cxd5 exd5 18. Bc2 Nf4 19. Qf1 Bh6 20. Kb1 Bb5
21. Bd3 Nxd3 22. Rxd3 Qa6 23. Kc2 Bc4 24. Nd2 Bxd3+ 25. Qxd3 Qb6 26. g3 Rab8 27. f4 Rfc8 28. Kb1 Bf8 29. Ka2 c5 30. Rb1 c4
31. Qc2 Rb7 32. Ka1 Rcb8 33. Ka2 Be7 34. h4 Qd8 35. Nf3 Qf8 36. h5 Bxa3 37. bxa3 Rb3 38. Bb4 R8xb4 39. axb4 Qxb4 40. Qc1 c3
41. h6 c2 42. Ra1 a3 43. Qxc2 Rb2+
0-1

[Event "Under 2000"]
[Site "SchemingMind.com"]
[Date "2009.01.06"]
[Round "-"]
[White "Milan"]
[Black "Archon"]
[Result "1/2-1/2"]
[WhiteCountry "CZE"]
[BlackCountry "CAN"]
[WhiteElo "1713"]
[WhiteRD "66"]
[BlackElo "1695"]
[BlackRD "59"]
[GameID "186694"]

1. d4 d6 2. g3 e5 3. dxe5 dxe5 4. Qxd8+ Kxd8 5. Bg2 c6 6. Nc3 Bd6 7. Nf3 f6 8. e4 Ne7 9. Be3 Na6 10. a3 Be6
11. O-O-O Kc7 12. Nd2 Nc5 13. f4 Nd7 14. f5 Bf7 15. h4 Bh5 16. Bf3 Bxf3 17. Nxf3 Nb6 18. Bxb6+ axb6 19. g4 h6 20. g5 hxg5
21. hxg5 Rhg8 22. Rh3 Rad8 23. Rh7 Rd7 24. Rhh1 Rgd8 25. Rh7 Nc8 26. gxf6 gxf6 27. Rxd7+ Rxd7 28. Nh4 Ne7 29. Rg1 b5 30. Rg7 b4
31. axb4 Bxb4 32. Nb1 Be1 33. Nf3 Bf2 34. Rf7 Be3+ 35. Nbd2 Ng8 36. Rxd7+ Kxd7 37. Kd1=
1/2-1/2

[Event "Under 2000"]
[Site "SchemingMind.com"]
[Date "2009.01.06"]
[Round "-"]
[White "iwegiel"]
[Black "Archon"]
[Result "0-1"]
[WhiteCountry "POL"]
[BlackCountry "CAN"]
[WhiteElo "1942"]
[WhiteRD "65"]
[BlackElo "1694"]
[BlackRD "57"]
[GameID "186695"]

1. c4 e5 2. Nc3 d6 3. Nf3 f5 4. d4 e4 5. Ng5 Be7 6. Nh3 Nf6 7. g3 c6 8. d5 O-O 9. Bg2 Nbd7 10. O-O Nb6
11. b3 c5 12. f3 exf3 13. exf3 Kh8 14. Bb2 Ng8 15. Ne2 Bf6 16. Bxf6 Nxf6 17. Nef4 Re8 18. Ng5 Re7 19. Qd2 Qg8 20. Bh3 Nbd7
21. Bxf5 Ne5 22. Bxh7 Nxh7 23. Rae1 Nxg5 24. Rxe5 Rxe5 25. Ng6+ Kh7 26. Nxe5 dxe5 27. Qxg5 Qe8 28. Re1 Qg6 29. Qxg6+ Kxg6 30. Rxe5 Bd7
31. g4 Re8 32. Rxe8 Bxe8 33. Kf2 Kf6 34. f4 b5 35. Ke3 bxc4 36. bxc4 Ba4 37. f5 Ke5 38. h4 Bc2 39. Kf3 a5 40. h5 Bd3
41. g5 Bxc4 42. h6 gxh6 43. gxh6 Kf6 44. d6 Bb5 45. Ke4 Bd7
0-1

[Event "Under 2000"]
[Site "SchemingMind.com"]
[Date "2009.01.06"]
[Round "-"]
[White "waldron"]
[Black "Archon"]
[Result "1-0"]
[WhiteCountry "USA"]
[BlackCountry "CAN"]
[WhiteElo "2090"]
[WhiteRD "72"]
[BlackElo "1695"]
[BlackRD "59"]
[GameID "186696"]

1. e4 d6 2. d4 Nf6 3. Nc3 g6 4. Nf3 Bg7 5. Be2 O-O 6. O-O Nc6 7. d5 Nb8 8. h3 e5 9. dxe6 Bxe6 10. Bg5 h6
11. Be3 Nc6 12. Qd2 Kh7 13. Rad1 Re8 14. Nd4 Bd7 15. f3 Nh5 16. Nxc6 bxc6 17. Bc4 Be6 18. Bxe6 Rxe6 19. b3 Ng3 20. Rfe1 Qh4
21. Bf2 Be5 22. Ne2 Rf6 23. Nxg3 Bxg3 24. Bxg3 Qxg3 25. Qc3 Rf4 26. Qxc6 Rxf3 27. Qxa8 Qf2+ 28. Kh2 Rxh3+ 29. Kxh3 g5 30. Kh2 Qh4+
31. Kg1 g4 32. Rf1 Qh5 33. Qd5
1-0

[Event "Under 2000"]
[Site "SchemingMind.com"]
[Date "2009.01.07"]
[Round "-"]
[White "fervac"]
[Black "jtrochez1"]
[Result "1-0"]
[WhiteCountry "NCA"]
[BlackCountry "HON"]
[WhiteElo "1960"]
[WhiteRD "71"]
[BlackElo "1580"]
[BlackRD "48"]
[GameID "186835"]

1. d4 d5 2. c4 c6 3. Nc3 e6 4. Nf3 Bd6 5. Bg5 f6 6. Bh4 Bb4 7. e3 Nh6 8. Ne5 g6 9. Qf3 Nf5 10. Bxf6 Qxf6
11. g4 Bxc3+ 12. bxc3 Nd7 13. Nxd7 Bxd7 14. gxf5 exf5 15. cxd5 O-O 16. Bc4 Kg7 17. h4 h5 18. Kd2 cxd5 19. Bxd5 Bc6 20. Bxc6 bxc6
21. Rab1 Rab8 22. Qf4 Rxb1 23. Rxb1 Qe7 24. Qe5+ Qxe5 25. dxe5 Re8 26. f4 Re7 27. Kd3 Kf7 28. Kc4 Ke6 29. Rd1 Rd7 30. Rxd7 Kxd7
31. Kc5 Kc7 32. e6 Kd8 33. Kd6 c5 34. e7+ Ke8 35. c4 a5 36. Ke6 a4 37. a3 g5 38. hxg5 h4 39. g6
1-0

[Event "Under 2000"]
[Site "SchemingMind.com"]
[Date "2009.01.08"]
[Round "-"]
[White "fervac"]
[Black "jdcald13"]
[Result "1/2-1/2"]
[WhiteCountry "NCA"]
[BlackCountry "USA"]
[WhiteElo "1960"]
[WhiteRD "71"]
[BlackElo "1863"]
[BlackRD "64"]
[GameID "186836"]

1. d4 Nf6 2. c4 c5 3. d5 b5 4. cxb5 a6 5. Nc3 g6 6. e4 d6 7. Bf4 Bg7 8. Nf3 O-O 9. bxa6 Bxa6 10. Bxa6 Nxa6
11. O-O Qb6 12. Qe2 Rfb8 13. Rab1 Nd7 14. e5 dxe5 15. Nxe5 Nxe5 16. Bxe5 Bxe5 17. Qxe5 Qd6 18. Rfe1 Rd8 19. Qxe7 Nb4 20. Qxd6 Rxd6
21. a3 Nxd5 22. Rbd1 Rad8 23. Ne4 Rc6 24. f3 Rd7 25. Rc1 c4 26. Red1 Nb6 27. Rxd7 Nxd7 28. Rd1 Ne5 29. Rd6 Rc8 30. Nf2 c3
31. bxc3 Rxc3 32. Ne4=
1/2-1/2

[Event "Under 2000"]
[Site "SchemingMind.com"]
[Date "2009.01.07"]
[Round "-"]
[White "fervac"]
[Black "Archon"]
[Result "1-0"]
[WhiteCountry "NCA"]
[BlackCountry "CAN"]
[WhiteElo "1960"]
[WhiteRD "71"]
[BlackElo "1698"]
[BlackRD "55"]
[GameID "186837"]

1. d4 d6 2. c4 e5 3. d5 g6 4. Nc3 Nd7 5. e4 a5 6. Bd3 Bg7 7. Be3 Ne7 8. Qd2 f5 9. f3 O-O 10. Nge2 Nf6
11. Rb1 f4 12. Bf2 c5 13. Nb5 b6 14. a3 a4 15. Kd1 g5 16. g4 h5 17. h3 Rf7 18. Nec3 Bf8 19. Be2 hxg4 20. hxg4 Ng6
21. Kc2 Qe7 22. Rh2 Rh7 23. Rbh1 Rxh2 24. Rxh2 Bd7 25. Qd1 Be8 26. Kd2 Bxb5 27. Nxb5 Qb7 28. Rh1 Re8 29. Qxa4 Rd8 30. Qa7 Rd7
31. Qxb7 Rxb7 32. Kc2 Rh7 33. Rxh7 Kxh7 34. b4 Ne8 35. Kb3 Be7 36. a4 Bd8 37. a5 bxa5 38. bxc5 dxc5 39. Bxc5
1-0

[Event "Under 2000"]
[Site "SchemingMind.com"]
[Date "2009.01.09"]
[Round "-"]
[White "fervac"]
[Black "schakert"]
[Result "1-0"]
[WhiteCountry "NCA"]
[BlackCountry "NED"]
[WhiteElo "1918"]
[WhiteRD "75"]
[BlackElo "1705"]
[BlackRD "60"]
[GameID "186838"]

1. d4 d5 2. c4 c6 3. Nc3 e5 4. cxd5 cxd5 5. Nf3 e4 6. Nd2 f5 7. e3 Nf6 8. Be2 Bb4 9. O-O O-O 10. Qb3 Bxc3
11. bxc3 Nc6 12. Ba3 Rf7 13. c4 Rb8 14. Rfc1 Be6 15. Rab1 b6 16. cxd5 Bxd5 17. Bc4 Na5 18. Qa4 Nxc4 19. Nxc4 Rc7 20. Nd6 Ne8
21. Rxc7 Nxc7 22. Nxf5 Bxa2 23. Rc1 Bd5 24. Bd6
1-0

[Event "Under 2000"]
[Site "SchemingMind.com"]
[Date "2009.01.07"]
[Round "-"]
[White "fervac"]
[Black "Milan"]
[Result "1-0"]
[WhiteCountry "NCA"]
[BlackCountry "CZE"]
[WhiteElo "1850"]
[WhiteRD "84"]
[BlackElo "1713"]
[BlackRD "66"]
[GameID "186839"]

1. d4 d5 2. c4 c6 3. Nc3 Nf6 4. Nf3 a6 5. cxd5 cxd5 6. Bg5 Ne4 7. Bf4 Nxc3 8. bxc3 b5 9. a4 Bd7 10. axb5 Bxb5
11. e3 Bxf1 12. Kxf1 e6 13. Bxb8 Qxb8 14. Qa4+ Kd8 15. Ne5 Qc7 16. g3 Bd6 17. Nc6+ Kc8 18. Kg2 Kd7 19. Nb4+ Ke7 20. Nxa6 Rxa6
21. Qxa6 Rb8 22. Rhb1 Rxb1 23. Rxb1 Kf6 24. Rb7 Qd8 25. Qa7 Qe8 26. Qb6 Bf8 27. Rb8
1-0

[Event "Under 2000"]
[Site "SchemingMind.com"]
[Date "2009.01.12"]
[Round "-"]
[White "fervac"]
[Black "iwegiel"]
[Result "1-0"]
[WhiteCountry "NCA"]
[BlackCountry "POL"]
[WhiteElo "1994"]
[WhiteRD "74"]
[BlackElo "1906"]
[BlackRD "64"]
[GameID "186840"]

1. d4 d5 2. c4 c6 3. Nc3 Nf6 4. Nf3 e6 5. Bg5 h6 6. Bh4 dxc4 7. e4 g5 8. Bg3 b5 9. e5 Nd5 10. Ne4 Bb4+
11. Nfd2 c3 12. bxc3 Nxc3 13. Nf6+ Qxf6 14. exf6= Nxd1 15. Rxd1 Nd7 16. h4 g4 17. Be2 h5 18. O-O Bxd2 19. Rxd2 Rg8 20. Be5 Bb7
21. f3 O-O-O 22. Bf4 Nb6 23. fxg4 hxg4 24. Rc1 a6 25. g3 Rd5 26. Bf1 Rgd8 27. Be3 Kb8 28. Bg2 R5d7 29. Bf4+ Ka8 30. Bxc6 Bxc6
31. Rxc6 Nc4 32. Rc2 Kb7 33. R2xc4 bxc4 34. Rxc4 Rc8 35. Rb4+ Ka7 36. h5 Rd5 37. h6 Rf5 38. Rb2 Rb5 39. Re2 a5 40. Kf2 a4
41. Ke3 a3 42. Bd6 Kb6 43. Ke4 Rb2 44. Re3 Rxa2 45. Rxa3 Rxa3 46. Bxa3 Rc3 47. Bc5+
1-0

[Event "Under 2000"]
[Site "SchemingMind.com"]
[Date "2009.01.07"]
[Round "-"]
[White "fervac"]
[Black "waldron"]
[Result "0-1"]
[WhiteCountry "NCA"]
[BlackCountry "USA"]
[WhiteElo "1960"]
[WhiteRD "71"]
[BlackElo "2132"]
[BlackRD "73"]
[GameID "186841"]

1. d4 Nf6 2. c4 Nc6 3. Nf3 e6 4. Nc3 Bb4 5. Bd2 d6 6. a3 Bxc3 7. Bxc3 O-O 8. e3 Ne4 9. Qc2 Nxc3 10. Qxc3 Qf6
11. Be2 e5 12. dxe5 Nxe5 13. Nxe5 dxe5= 14. Bf3 Rd8= 15. O-O c6 16. Qb3 Qe7 17. Qb4 Qxb4 18. axb4 Be6 19. b3 a6 20. Rfd1 Kf8
21. Kf1 Ke7 22. Ke2 g5 23. g4 Rxd1 24. Kxd1 f5 25. gxf5 Bxf5 26. e4 Rd8+ 27. Ke2 Be6 28. Rg1= g4 29. Bg2 b5 30. cxb5 cxb5
31. Ra1 Rd6 32. Rd1 Rxd1 33. Kxd1 Bxb3+ 34. Kd2 Kf6 35. Bf1 h5 36. Ke3 Kg5 37. f3 Bd1 38. Bg2 Bxf3 39. Bxf3 gxf3
0-1

[Event "Under 2000"]
[Site "SchemingMind.com"]
[Date "2009.01.07"]
[Round "-"]
[White "jtrochez1"]
[Black "fervac"]
[Result "0-1"]
[WhiteCountry "HON"]
[BlackCountry "NCA"]
[WhiteElo "1580"]
[WhiteRD "48"]
[BlackElo "1960"]
[BlackRD "71"]
[GameID "186842"]

1. e4 c5 2. Nf3 d6 3. d4 cxd4 4. Nxd4 Nf6 5. Nc3 a6 6. Nb3 e6 7. Be3 Nbd7 8. Be2 Qc7 9. O-O b5 10. Rc1 Bb7
11. Bf4 Nxe4 12. Nxe4 Bxe4 13. Bf3 Bxf3 14. Qxf3 Rc8 15. c3 Nc5 16. Nxc5 Qxc5 17. h3 Be7 18. Be3 Qc6 19. Qxc6+ Rxc6 20. b4 d5
21. a3 Kd7 22. f4 Rhc8 23. Bd4 f6 24. g4 Bd6 25. Kg2 Bc7 26. Rf3 Bb6 27. Bxb6 Rxb6 28. Rd3 g6 29. Kf2 Rc4 30. Ke3 Rbc6
31. f5 gxf5 32. gxf5 exf5 33. Rxd5+ Ke6 34. Rd3 Ke5 35. Kf3 f4 36. Re1+ Kf5 37. Rc1 h5 38. h4 Re4 39. Rd5+ Re5 40. Rd3 Rce6
41. c4 Re3+ 42. Rxe3 Rxe3+ 43. Kg2 bxc4 44. Rxc4 Rxa3 45. b5 axb5 46. Rc5+ Kg4 47. Rxb5 Ra2+ 48. Kf1 Kg3 49. Rf5 f3 50. Ke1 f2+
51. Kd1 Ra1+ 52. Ke2 Re1+
0-1

[Event "Under 2000"]
[Site "SchemingMind.com"]
[Date "2009.01.08"]
[Round "-"]
[White "jdcald13"]
[Black "fervac"]
[Result "0-1"]
[WhiteCountry "USA"]
[BlackCountry "NCA"]
[WhiteElo "1872"]
[WhiteRD "64"]
[BlackElo "1994"]
[BlackRD "74"]
[GameID "186843"]

1. c4 Nf6 2. Nc3 e6 3. g3 d5 4. cxd5 exd5 5. d4 c6 6. Bg2 Bd6 7. Nf3 O-O 8. O-O Re8 9. Bf4 Qe7 10. Bxd6 Qxd6
11. Re1 Nbd7 12. Nd2 Qb4 13. Nb3 Nb6 14. a3 Qd6 15. e3 Bf5 16. Nd2 Rad8 17. b4 a6 18. Qb3 h5 19. a4 h4 20. b5 axb5
21. axb5 c5 22. dxc5 Qxc5 23. Rec1 hxg3 24. hxg3 Rxe3 25. Nxd5 Qxc1+ 26. Rxc1 Rxb3 27. Nxf6+ gxf6 28. Nxb3 Nd5 29. Rc5 Be6= 30. Nd4 Kf8
31. Nxe6+ fxe6 32. Kf1 Ke7 33. Ke2 Kd6 34. Rc1 Ra8 35. Rc2 Ra5 36. b6 Rb5 37. Bxd5 exd5 38. Kf3 Rxb6 39. Kf4 Ke6 40. g4 Rb4+
41. Kg3 Ke5 42. Rc8 Rb3+ 43. f3 Rb6 44. f4+ Ke4 45. Re8+ Kd3 46. g5 fxg5 47. fxg5 d4 48. Rf8 Kc3 49. Rf6 Rb1 50. Kg2 Rb5
51. g6 d3 52. Rf3 Rg5+
0-1

[Event "Under 2000"]
[Site "SchemingMind.com"]
[Date "2009.01.07"]
[Round "-"]
[White "Archon"]
[Black "fervac"]
[Result "0-1"]
[WhiteCountry "CAN"]
[BlackCountry "NCA"]
[WhiteElo "1694"]
[WhiteRD "57"]
[BlackElo "1918"]
[BlackRD "75"]
[GameID "186844"]

1. d4 d5 2. e4 dxe4 3. Nc3 Nf6 4. f3 exf3 5. Nxf3 e6 6. Bg5 Be7 7. Bd3 h6 8. Be3 b6 9. Bb5+ c6 10. Bd3 Bb7
11. O-O Nbd7 12. Ne5 c5 13. Kh1 O-O 14. Nxd7 Qxd7 15. Rxf6 Bxf6 16. Bxh6 gxh6 17. Qg4+ Bg7 18. d5 f5
0-1

[Event "Under 2000"]
[Site "SchemingMind.com"]
[Date "2009.01.09"]
[Round "-"]
[White "schakert"]
[Black "fervac"]
[Result "0-1"]
[WhiteCountry "NED"]
[BlackCountry "NCA"]
[WhiteElo "1705"]
[WhiteRD "60"]
[BlackElo "1918"]
[BlackRD "75"]
[GameID "186845"]

1. d4 d5 2. g3 Nf6 3. Bg2 c6 4. Nf3 Nbd7 5. O-O e6 6. Nc3 Bd6 7. Re1 O-O 8. e4 dxe4 9. Nxe4 Nxe4 10. Rxe4 Nf6
11. Re1 Qc7 12. c3 b6 13. Ne5 Bb7 14. Bf4 Nd5 15. Bxd5 exd5 16. Nd3 Rae8 17. Qd2 Ba6 18. Bxd6 Qxd6 19. Rxe8 Rxe8 20. Re1 Rxe1+
21. Nxe1 Qe6 22. Nf3 f6 23. Ne1= Qe4 24. Qe3 Qxe3 25. fxe3 Kf7 26. Nc2 c5 27. Kf2 Bd3 28. Ne1 Be4 29. Nf3 Bb1 30. a3 c4
31. Nd2 Bd3 32. Kf3 f5 33. Kf4 Kf6 34. h4 Be2 35. Nf3 h6 36. g4 fxg4 37. Kxg4 g5 38. hxg5+ hxg5 39. Kg3 Bxf3 40. Kxf3 Kf5
41. Kg3 b5 42. Kf3 a5 43. Kg3 Ke4 44. Kg4 Kxe3 45. Kxg5 Kd2
0-1

[Event "Under 2000"]
[Site "SchemingMind.com"]
[Date "2009.01.07"]
[Round "-"]
[White "Milan"]
[Black "fervac"]
[Result "0-1"]
[WhiteCountry "CZE"]
[BlackCountry "NCA"]
[WhiteElo "1713"]
[WhiteRD "66"]
[BlackElo "1850"]
[BlackRD "84"]
[GameID "186846"]

1. d4 d5 2. Nf3 Nf6 3. e3 c6 4. Bd3 e6 5. Nbd2 Nbd7 6. O-O Bd6 7. e4 dxe4 8. Nxe4 Nxe4 9. Bxe4 Nf6 10. Bg5 h6
11. Bxf6 Qxf6 12. c3 O-O 13. Re1 Rd8 14. Bc2 c5 15. Qe2 cxd4 16. Nxd4 Bd7 17. Qe4 g6 18. Rad1 Qf4 19. Qxf4 Bxf4 20. g3 Bg5
21. f4 Bf6 22. Nf3 Bc6 23. Kf2 Bd5 24. a3 a5 25. Ne5 Bxe5 26. Rxe5 a4 27. Rd4 b5 28. Rb4 Bc4 29. Ke1 Rd5 30. Rxd5 exd5
31. Bd1 Kf8 32. Kf2 Re8 33. h4 h5 34. b3 axb3 35. Bxb3 Ra8 36. Bxc4 dxc4 37. Rxb5 Rxa3 38. f5 Rxc3 39. fxg6 fxg6 40. g4 hxg4
41. Rg5 g3+ 42. Kg2 Kf7 43. Rc5 Ke6 44. Rc6+ Kf5 45. Rc5+ Kg4 46. Rg5+ Kxh4 47. Rxg6 Rc2+ 48. Kg1 c3 49. Rh6+ Kg5
0-1

[Event "Under 2000"]
[Site "SchemingMind.com"]
[Date "2009.01.12"]
[Round "-"]
[White "iwegiel"]
[Black "fervac"]
[Result "0-1"]
[WhiteCountry "POL"]
[BlackCountry "NCA"]
[WhiteElo "1907"]
[WhiteRD "66"]
[BlackElo "1960"]
[BlackRD "71"]
[GameID "186847"]

1. b4 e6 2. Bb2 Nf6 3. b5 d5 4. e3 Bd6 5. Nf3 O-O 6. c4 c6 7. a4 Nbd7 8. Nc3 a6 9. d4 axb5 10. axb5 Rxa1
11. Qxa1 dxc4 12. Bxc4 c5 13. Ne2 Nb6 14. dxc5 Bxc5 15. Bxf6 gxf6 16. Qc3 Nxc4 17. Qxc4 Qa5+ 18. Kf1 Rd8 19. Ned4 Bxd4 20. exd4 Bd7
21. Qc1 Bxb5+ 22. Kg1 Bc6 23. h3 Qf5 24. Kh2 Kh8 25. Qh6 Rg8 26. Rg1 Bxf3 27. gxf3 Rxg1 28. Kxg1 Qg6+
0-1

[Event "Under 2000"]
[Site "SchemingMind.com"]
[Date "2009.01.07"]
[Round "-"]
[White "waldron"]
[Black "fervac"]
[Result "1-0"]
[WhiteCountry "USA"]
[BlackCountry "NCA"]
[WhiteElo "2124"]
[WhiteRD "68"]
[BlackElo "1918"]
[BlackRD "75"]
[GameID "186848"]

1. e4 c5 2. Nc3 d6 3. f4 Nc6 4. Nf3 g6 5. Bc4 Bg7 6. O-O Nf6 7. d3 O-O 8. Qe1 a6 9. f5 b5 10. Bb3 b4
11. Nd5 Na5 12. fxg6 hxg6 13. Qh4 Nxb3 14. axb3 Be6= 15. Ng5 Nh5 16. Nxe6 fxe6 17. Nxe7+ Qxe7 18. Qxe7 Bd4+ 19. Be3 Bxe3+ 20. Kh1 Rae8
21. Rxf8+ Rxf8 22. Qxe6+ Kg7 23. Qxd6 Rf6 24. Qe7+ Rf7 25. Qe5+ Kh6 26. g4 Nf4 27. Rxa6 Ne2 28. Qh5+
1-0

[Event "Under 2000"]
[Site "SchemingMind.com"]
[Date "2009.01.08"]
[Round "-"]
[White "smothered mate"]
[Black "jtrochez1"]
[Result "1-0"]
[WhiteCountry "POL"]
[BlackCountry "HON"]
[WhiteElo "1921"]
[WhiteRD "50"]
[BlackElo "1580"]
[BlackRD "48"]
[GameID "186973"]

1. e4 e5 2. Nf3 Nc6 3. Bb5 d6 4. c3 a6 5. Bxc6+ bxc6 6. d4 exd4 7. cxd4 h6 8. Nc3 Be7 9. O-O Nf6 10. Be3 Bg4
11. h3 Bh5 12. Qa4 Qd7 13. Nd2 O-O 14. e5 dxe5 15. dxe5 Ne8 16. Nde4 Kh8 17. f3 Bg6 18. Rad1 Qe6 19. f4 f5 20. Nc5 Bxc5
21. Bxc5 Rg8 22. Qb3 Bf7 23. Qb7 Qc8 24. Qxc8 Rxc8 25. Rd7 Be6 26. Rfd1 Bxd7 27. Rxd7 g6 28. Bd4 Ng7 29. e6 Rce8 30. e7 Kh7
31. Bf6 Ne6 32. g3 g5 33. fxg5 hxg5 34. g4 fxg4 35. hxg4 Rg6 36. Ne4 Rh6 37. Rd8 Nxd8 38. exd8=Q Rxd8 39. Bxd8 Kg6 40. Bxg5 Rh3
41. Kg2 Rd3 42. Bf4 Rd4 43. Kf3 Rd7 44. Nc5 Rf7 45. Nxa6 Kf6 46. Nc5 Kg6 47. a4 Kf6 48. a5 Rf8 49. Nd7+
1-0